Normal view MARC view
  • Jiménez Vargas, Felipe

Entry Nombre Personal

Number of records used in: 1

001 - NUMERO DE CONTROL

  • campo de control: 58770

003 - IDENTIFICADOR DE NUMERO DE CONTROL

  • campo de control: MX-MxUPN

005 - FECHA Y HORA DE LA ÜLTIMA TRANSACCIÓN

  • campo de control: 20260213101512.0

008 - DATOS DE LONGITUD FIJA

  • campo de control de longitud fija: 260213|| aca||aabn | aaa d

040 ## - FUENTE DE CATALOGACIÓN

  • Agencia original de catalogación: MX-MxUPN
  • Lenguaje de catalogación: spa
  • Agencia de transcripción: MX-MxUPN

100 1# - ENCABEZAMIENTO - NOMBRE PERSONAL

  • Nombre personal: Jiménez Vargas, Felipe

371 ## - DIRECCIÓN

  • Electronic mail address: fjimenezv@udla.cl

373 ## - GRUPO ASOCIADO

  • Associated group: Universidad de las Américas--Chile
  • Fuente del término: naf

377 ## - LENGUA ASOCIADA

  • Language code: spa

670 ## - FUENTE EN LA QUE SE LOCALIZARON DATOS

  • Cita de la fuente: Estudios pedagógicos, vol. 51, no 2 (2025):
  • Información localizada: página 237 (Felipe Jiménez Vargas; Universidad de Las Américas, Chile; fjimenezv@udla.cl)

902 ## - CATALOGADOR

  • Catalogador: Víctor Ruiz/130226